Quiz sur la culture allemande - Statistiques

Statistiques générales
  • Ce quiz a été pris 64 fois
  • Le résultat moyen est 5 sur 10
Statistiques - réponses
Hint Répondre % Correct
Très grand compositeur, pianiste et chef d'orchestre ayant composé 9 symphonies Ludwig van Beethoven
89%
Deux frères auteurs de contes du XIXe siècle Les frères Grimm
83%
Grand port allemand et ville d'origine du hamburger Hambourg
79%
Capitale de la Bavière Munich
79%
Philosophe du XVIIIe siècle, auteur des Critiques de la raison pure Emmanuel Kant
66%
Monument situé à l'entrée du vieux Berlin, construit de 1788 à 1791 Porte de Brandebourg
45%
Écrivain du XVIIIe siècle, ayant écrit la pièce L'amant capricieux Johann Wolfang von Goethe
42%
Château situé en Bavière, construit par Louis II de Bavière Château de Neuschwanstein
13%
Peintre et graveur expressionniste et fondateur de la nouvelle objectivité Otto Dix
8%
Musée situé à Berlin consacré l'art moderne et contemporain, l'architecture et la photographie Galerie berlinoise
2%
Aucun quiz correspondant
Distribution des résultats
% des personnes avec chaque résultat
Percentile par nombre de réponses
Votre historique - résultats
Vous n’avez pas pris ce quiz